Vyhodnotenie plnenia úloh vyplývajúcich z lisabonskej stratégie
Vzdelávanie. Aktuálny stav plnenia úlohy. Oblasť vysokoškolského vzdelávania. Veda a technika. Krátkodobé ciele do roku 2005. Strednodobé ciele do roku 2008. Dlhodobé ciele do roku 2010. Pokračovanie nabudúce.
Saved in:
| Format: | Book Chapter |
|---|---|
| Language: | Slovak |
| Subjects: | |
| Tags: |
No Tags, Be the first to tag this record!
|
MARC
| LEADER | 00000naa$a2200000$$$4500 | ||
|---|---|---|---|
| 001 | 0032104 | ||
| 005 | 20231016084550.7 | ||
| 041 | 0 | |a slo | |
| 044 | |a SK | ||
| 245 | 1 | 0 | |a Vyhodnotenie plnenia úloh vyplývajúcich z lisabonskej stratégie |
| 520 | |a Vzdelávanie. Aktuálny stav plnenia úlohy. Oblasť vysokoškolského vzdelávania. Veda a technika. Krátkodobé ciele do roku 2005. Strednodobé ciele do roku 2008. Dlhodobé ciele do roku 2010. Pokračovanie nabudúce. | ||
| 610 | 2 | 0 | |a vzdelávanie |
| 610 | 2 | 0 | |a vzdelávanie vysokoškolské |
| 610 | 2 | 0 | |a veda |
| 610 | 2 | 0 | |a technika |
| 610 | 2 | 0 | |a plánovanie |
| 610 | 2 | 0 | |a 2005-2010 |